Cargando…
Las crónicas del Sochantre /
| Clasificación: | AC75 B5.7 n.79 |
|---|---|
| Autor principal: | |
| Otros Autores: | |
| Formato: | Libro |
| Idioma: | Español |
| Publicado: |
Estella, Navarra :
Salvat,
1970
|
| Colección: | Biblioteca Básica Salvat ;
79 |
MARC
| LEADER | 00000nam a2900000 4500 | ||
|---|---|---|---|
| 001 | 000015913 | ||
| 005 | 20061219222100.0 | ||
| 008 | 012504s1970 000 spa d | ||
| 050 | 4 | |a AC75 B5.7 |b n.79 | |
| 090 | |a AC75 B5.7 |b n.79 | ||
| 100 | 1 | |a Cunqueiro, Alvaro, |d 1911- | |
| 245 | 1 | 4 | |a Las crónicas del Sochantre / |c Pról. Nestor Luján |
| 260 | |a Estella, Navarra : |b Salvat, |c 1970 | ||
| 300 | |a 159 p. | ||
| 440 | 0 | |a Biblioteca Básica Salvat ; |v 79 | |
| 700 | 1 | |a Pról. Nestor Luján | |
| 905 | |a LIBROS | ||
| 902 | |a Guadalupe Guevara y Navarro | ||
| 949 | |a Biblioteca UAM Iztapalapa |b Colección General |c AC75 B5.7 n.79 | ||